000 00543nam a2200169Ia 4500
008 110201s9999 xx 000 0 und d
082 _bB2286
_aS 261
100 _aभावे पु.भा.
245 _aबर्फ आणि वाळू
260 _bसाहित्य प्रसार केंद्र
365 _b32
600 _aभावे पु.भा.
630 _aबर्फ आणि वाळू
700 _aभावे पु.भा.
730 _aबर्फ आणि वाळू
942 _cBOOK
999 _c829346
_d829343